[Event "Cairo Assiut op 6th"]
[Site "Cairo"]
[Date "2010.08.03"]
[Round "4"]
[White "Mohamed, Abdel Hafeez"]
[Black "Abel Naby, Ahmed"]
[Result "1-0"]
[WhiteElo "1757"]
[BlackElo "2049"]
[PlyCount "66"]
[EventDate "2010.07.30"]
[EventType "swiss"]
[EventRounds "9"]
[EventCountry "EGY"]
[SourceTitle "CBM 137 Extra"]
[Source "ChessBase"]
[SourceDate "2010.09.01"]
[SourceVersion "1"]
[SourceVersionDate "2010.09.01"]
[SourceQuality "1"]

1. Nf3 c5 2. b3 Nf6 3. Bb2 Nc6 4. e3 a6 5. d4 cxd4 6. exd4 d5 7. a3 Bf5 8. Bd3 Bg6 9. 0-0 e6 10. Nbd2 Bxd3 11. cxd3 Bd6 12. Ne5 0-0 13. f4 g6 14. Qf3 Rc8 15. Rac1 Qb6 16. Kh1 Ne7 17. g4 Qa5 18. b4 Qa4 19. h4 h5 20. gxh5 Nxh5 21. Rg1 Kh7 22. Rxc8 Nxc8 23. Rg5 Ng7 24. h5 Bxe5 25. fxe5 Nf5 26. Qh3 Rh8 27. hxg6+ Kg8 28. gxf7+ Kxf7 29. Qxh8 Qd1+ 30. Rg1 Ng3+ 31. Kh2 Qh5+ 32. Qxh5+ Nxh5 33. Rf1+ Ke8 1-0

[Event "Golden Cleopatra op 6th"]
[Site "Cairo"]
[Date "2002.04.17"]
[Round "11"]
[White "Visser, Yge"]
[Black "Abel Naby, Ahmed"]
[Result "1-0"]
[WhiteElo "2458"]
[BlackElo "2136"]
[PlyCount "97"]
[EventDate "2002.04.07"]
[EventType "swiss"]
[EventRounds "11"]
[EventCountry "EGY"]
[SourceTitle "CBM 087 Extra"]
[Source "ChessBase"]
[SourceDate "2002.05.03"]
[SourceVersion "2"]
[SourceVersionDate "2002.08.09"]
[SourceQuality "1"]

1. e4 e6 2. d3 b6 3. g3 Bb7 4. Bg2 f5 5. Nc3 Nf6 6. Nge2 fxe4 7. 0-0 Be7 8. dxe4 0-0 9. h3 Qc8 10. Be3 c5 11. f4 d5 12. exd5 Rd8 13. d6 Bxg2 14. Kxg2 Bxd6 15. Qe1 Nc6 16. Qf2 Nb4 17. Rac1 Nbd5 18. Qf3 Qc6 19. Kh2 Rac8 20. Ne4 Nxe4 21. Qxe4 Bb8 22. Rcd1 Qe8 23. Nc3 Nxe3 24. Qxe3 e5 25. f5 Qh5 26. Rxd8+ Rxd8 27. Ne4 Rd4 28. c3 Rd8 29. f6 Rf8 30. Qd3 Qg6 31. f7+ Qxf7 32. Rxf7 Rxf7 33. Ng5 h6 34. Qh7+ Kf8 35. Qh8+ Ke7 36. Nxf7 e4 37. Qxb8 Kxf7 38. Qxa7+ Ke6 39. Qxb6+ Kd5 40. Kg2 Kc4 41. Qa6+ Kd5 42. Kf2 g5 43. Ke3 h5 44. Qf6 g4 45. h4 Kc4 46. b3+ Kb5 47. a4+ Ka5 48. Qc6 c4 49. b4# 1-0

[Event "Golden Cleopatra op 6th"]
[Site "Cairo"]
[Date "2002.04.10"]
[Round "4"]
[White "Abel Naby, Ahmed"]
[Black "Ezat, Mohamed Mahmoud"]
[Result "0-1"]
[WhiteElo "2136"]
[BlackElo "2309"]
[PlyCount "100"]
[EventDate "2002.04.07"]
[EventType "swiss"]
[EventRounds "11"]
[EventCountry "EGY"]
[SourceTitle "CBM 087 Extra"]
[Source "ChessBase"]
[SourceDate "2002.05.03"]
[SourceVersion "2"]
[SourceVersionDate "2002.08.09"]
[SourceQuality "1"]

1. e4 c6 2. d4 d5 3. Nd2 dxe4 4. Nxe4 Nd7 5. Bc4 Ngf6 6. Ng5 e6 7. Qe2 Nb6 8. N1f3 Nxc4 9. Qxc4 h6 10. Nh3 g5 11. Ne5 Qd5 12. f3 Qxc4 13. Nxc4 b6 14. Ne5 c5 15. Be3 Nd5 16. Bf2 Nb4 17. Kd2 Bb7 18. c3 Nc6 19. Nxc6 Bxc6 20. Rhg1 Rg8 21. Rae1 Bd6 22. dxc5 Bxh2 23. Rh1 Bc7 24. Ng1 g4 25. Kc2 gxf3 26. gxf3 Rg2 27. Re2 Bb5 28. Rd2 Rd8 29. Nh3 Bc6 30. Be3 Bxf3 31. Rg1 Rdxd2+ 32. Bxd2 Rh2 33. cxb6 axb6 34. Rg8+ Kd7 35. Ng1 Bd5 36. Rg4 f5 37. Rg7+ Kc6 38. Kd1 Be5 39. Rg6 f4 40. c4 Bxc4 41. Nf3 Be2+ 42. Ke1 Bxf3 43. Rxe6+ Kd5 44. Rxb6 Rh1+ 45. Kf2 Bd4+ 46. Kxf3 Bxb6 47. Kxf4 Rh2 48. Bc3 Bd4 49. Bb4 Rxb2 50. Bf8 Rf2+ 0-1